00474nam a22001697a 450000500170000000800410001704000210005804100080007908200130008710000390010024500680013925000120020726000320021930000100025165000120026165000310027320201125134844.0201125b ||||| |||| 00| 0 eng d aIN-DiNCcIN-DiNC dasm a954bHUS aHussain, Tasadduque Amanuleauthor aBharatbarshar itihas (1526-1947)/cby Tasadduque Amanul Hussain a1st ed. aDibrugarh:bBanalata,c2020 a511p. aHistory aHistory of India 1526-1947